000 00625cam a2200217 4500
008 090401t1979 xxu||||| |||| 00| 0 eng d
020 _a0105438790
035 _a(Sirsi) u65315
041 _aeng
110 1 _aUnited Kingdom
_kLaws, etc
_95044
245 0 0 _aEstate Agents Act 1979
260 _aLondon
_bHMSO
_c1979
300 _aii, 39p.
_c25cm.
350 _a4
650 2 4 _aESTATE AGENTS ACT 1979
651 4 _aEngland and Wales
_y1543-
690 _aPROPERTY-PROPERTY AGENCY
856 4 0 _uhttps://www.legislation.gov.uk/ukpga/1979/38
_zView the act at www.legislation.gov.uk
942 _n0
948 _c04/03/1997
999 _c94752
_d94752